000
00312nam a22001337a 4500
008
170710b xxu||||| |||| 00| 0 eng d
020
_a
666920859434
041
_a
eng
080
_a
030
100
_a
23
101
_a
ENC
245
_a
WEBSTER NEW EXPLORER DESK ENCYCLOPEDIA
_c
STEVENS.M.A
942
_2
udc
_c
BK
999
_c
20108
_d
20108